Szczegóły MARC21

Badania marketingowe : od teorii do praktyki /

005 -DATA I CZAS OSTATNIEJ MODYFIKACJI [,]
    • @
    • pole kontrolne
    • 20070820131823.0
020 -Międzynarod. znormalizowany nr książki - ISBN [ , ]
    • a
    • Numer ISBN
    • 9788374890038 Find
020 -Międzynarod. znormalizowany nr książki - ISBN [ , ]
    • a
    • Numer ISBN
    • 8374890037 Find
040 -Instytucja sporządzająca opis [ , ]
    • a
    • Instytucja, która sporządziła opis (NP)
    • SZCZ U/ET
    • c
    • Instytucja, która sporządziła rekord (NP)
    • SZCZ U/ET
    • d
    • Instytucja, która zmodyfikowała rekord (P)
    • SZCZ U/RJ
041 -Język dokumentu [0, ]
    • a
    • Język tekstu (P)
    • polski
044 -Kraj miejsca wydania [ , ]
    • a
    • Kraj miejsca wydania
    • Polska
942 -Rodzaj dokumentu [ , ]
    • c
    • Rodzaj dokumentu
    • Książka
245 -Strefa tytułu i oznaczenia odpowiedzialności [0,0]
    • a
    • Tytuł
    • Badania marketingowe : Find
    • b
    • Ciąg dalszy tytułu (NP)
    • od teorii do praktyki / Find
    • c
    • Pozostałe elementy strefy tytułu i oznaczenia odpowiedzialności (NP)
    • red. Dominika Maison, Artur Noga-Bogomilski.
260 -Strefa adresu wydawniczego [ , ]
    • a
    • Miejsce wydania (P)
    • Gdańsk ;
    • a
    • Miejsce wydania (P)
    • Sopot :
    • b
    • Nazwa wydawcy (P)
    • Gdańskie Wydaw.Psychologiczne,
    • c
    • Data wydania (P)
    • 2007.
300 -Strefa opisu fizycznego [ , ]
    • a
    • Określenie formy książki i/lub objętość (NP)
    • VIII, 266 s. :
    • b
    • Oznaczenie ilustracji (NP)
    • fot., rys., wykr. ;
    • c
    • Format (NP)
    • 24 cm.
440 -Strefa serii i książki wielotomowej - forma do wyszukiwania [ ,0]
    • a
    • Tytuł (NP)
    • Ekonomia i Zarządzanie Find
    • 9
    • KHW
    • 66717
500 -Uwaga ogólna [ , ]
    • a
    • Uwaga ogólna (NP)
    • Bibliogr. Ind.
080 -Uniwersalna Klasyfikacja Dziesiętna [ , ]
    • 2
    • Identyfikator wydania tablic
    • UDC-P022
    • a
    • Symbol klasyfikacji
    • 339.138
    • b
    • Dopowiedzenie
    • Marketing.
980 -Symbol UKD [ , ]
    • a
    • UKD
    • 339.138
700 -Hasło dodatkowe - nazwa osobowa [1, ]
    • a
    • Nazwa osobowa (NP)
    • Maison, Dominka. Find
    • e
    • Określenie rodzaju współpracy
    • Red.
700 -Hasło dodatkowe - nazwa osobowa [1, ]
    • a
    • Nazwa osobowa (NP)
    • Noga-Bogomilski, Artur. Find
    • e
    • Określenie rodzaju współpracy
    • Red.
920 -ISBN [ , ]
    • a
    • ISBN
    • 978-83-7489-003-8 Find
920 -ISBN [ , ]
    • a
    • ISBN
    • 83-7489-003-7 Find
Lokalizacja Data inwentaryzacji Status udost. Numer inwentarzowy Sygnatura
T2007-05-16-2T.9478T.9478
T2008-09-02-2TM.5889